تحميل...

Census of India 2011 KERALA PART XII-B SERIES-33 DISTRICT CENSUS HANDBOOK KOTTAYAM VILLAGE AND TOWN WISE PRIMARY CENSUS ABSTRACT (PCA)

التفاصيل البيبلوغرافية
التنسيق: Printed Book
منشور في: DIRECTORATE OF CENSUS OPERATIONS KERALA 2011
الموضوعات:
الوصول للمادة أونلاين:http://10.26.1.76/ks/005889.pdf
LEADER 00507nam a22001097a 4500
245 |a Census of India 2011 KERALA PART XII-B SERIES-33 DISTRICT CENSUS HANDBOOK KOTTAYAM VILLAGE AND TOWN WISE PRIMARY CENSUS ABSTRACT (PCA)  
260 |b DIRECTORATE OF CENSUS OPERATIONS KERALA  |c 2011 
650 |a DISTRICT STATISTICS;   |a STATISTICAL REPORTS;  |a CENSUS REPORT  |9 31165 
856 |u http://10.26.1.76/ks/005889.pdf 
942 |c KS 
999 |c 85361  |d 85361 
952 |0 0  |1 0  |4 0  |7 0  |9 77699  |a MGUL  |b MGUL  |d 2016-04-21  |l 0  |r 2016-04-21  |w 2016-04-21  |y KS